Disney+ Ooshies - Statistics

General Stats
  • This quiz has been taken 9 times
  • The average score is 17 of 40
Answer Stats
Disney+ % Correct
Black Widow
67%
Buzz
67%
Captain America
67%
Hulk
67%
Iron Man
67%
Scarlet Witch
67%
Thor
67%
Woody
67%
Bo Peep
50%
C3PO
50%
Darth Vader
50%
Lady
50%
Mickey Mouse
50%
Minnie Mouse
50%
R2D2
50%
Anna
33%
Ariel
33%
Black Panther
33%
Captain Marvel
33%
Dory
33%
Elastigirl
33%
Elsa
33%
Gamora
33%
Kylo Ren
33%
Lightning McQueen
33%
Mike Wazowski
33%
Moana
33%
Princess Leia
33%
Rapunzel
33%
Rey
33%
Russel
33%
Stormtrooper
33%
Sully
33%
The Mandalorian
33%
Tramp
33%
Yoda
33%
Glitter Captain Marvel
17%
Glitter Elsa
17%
Glitter Mandalorian
17%
Glitter Woody
17%
No matching quizzes found
Score Distribution
Percent of People with Each Score
Percentile by Number Answered
Your Score History
You have not taken this quiz